000 00984nam a2200289 i 4500
001 bg
003 BPK
005 20221214121527.0
008 s pl f f |000 0 pol
020 _a8386421142
040 _cBPK
080 _a34(438)
080 _a(075.3)
100 1 _aSeidel, Ryszard
_eAutor
245 1 0 _aElementy prawa :
_bpodręcznik /
_cRyszard Seidel.
250 _aWyd. 5.
260 _aPoznań :
_b"eMPi²",
_c1997.
300 _a199, [9] s. ;
_c23 cm.
490 1 _aMateriały i Podręczniki Mariana Pietraszewskiego
521 _aPodręcznik dla liceów ekonomicznych.
650 4 _aPrawo
_zPolska.
655 4 _aMateriały pomocnicze dla szkół
710 2 _aWydawnictwo eMPi² Mariana Pietraszewskiego
_4pbl.
856 _uhttp://koha.tu.koszalin.pl/cgi-bin/koha/opac-detail.pl?biblionumber=33544
_yKatalog online BPK
830 0 _aMateriały i Podręczniki Mariana Pietraszewskiego
942 _cKS
_2UKD
999 _c33544
_d33544